<?xml version="1.0" encoding="UTF-8"?>
<marc:record xmlns:marc="http://www.loc.gov/MARC21/slim">
   <marc:leader>00000nam a2200000 a 4500</marc:leader>
   <marc:datafield ind1="1" ind2=" " tag="100">
      <marc:subfield code="a">Lindinger, Max</marc:subfield>
      <marc:subfield code="4">aut</marc:subfield>
      <marc:subfield code="e">Verfasser/-in</marc:subfield>
   </marc:datafield>
   <marc:datafield ind1=" " ind2=" " tag="653">
      <marc:subfield code="a">Tierkreis</marc:subfield>
   </marc:datafield>
   <marc:datafield ind1=" " ind2=" " tag="653">
      <marc:subfield code="a">Mond</marc:subfield>
   </marc:datafield>
   <marc:datafield ind1=" " ind2=" " tag="653">
      <marc:subfield code="a">Garten</marc:subfield>
   </marc:datafield>
   <marc:datafield ind1=" " ind2=" " tag="653">
      <marc:subfield code="a">Landwirtschaft</marc:subfield>
   </marc:datafield>
   <marc:datafield ind1=" " ind2=" " tag="653">
      <marc:subfield code="a">Holz</marc:subfield>
   </marc:datafield>
   <marc:datafield ind1="0" ind2="0" tag="245">
      <marc:subfield code="a">Nutzen Sie die Kraft des Mondes</marc:subfield>
   </marc:datafield>
   <marc:datafield ind1="0" ind2="0" tag="245">
      <marc:subfield code="b">Der Mondratgeber</marc:subfield>
   </marc:datafield>
   <marc:datafield ind1=" " ind2="1" tag="264">
      <marc:subfield code="b">Eigenverlag Lindinger</marc:subfield>
      <marc:subfield code="c">2000</marc:subfield>
   </marc:datafield>
   <marc:datafield ind1="1" ind2=" " tag="520">
      <marc:subfield code="a">Die wichtigsten Informationen über den Mond und seine Auswirkung auf Mensch und Natur.
Sie finden Ratschläge, wie die positive Kraft des Mondes und der Tierkreiszeichen für Körper, Operationstermin, Zahnarztbesuch, Kuren, Psyche, Ernährung, Kosmetik, Haare, Friseurbesuch etc. genutzt werden kann.
Ausführliche tipps zum richtigen Pflanzzeitpunkt, Gartenarbeit und Bodenbearbeitung, zum Düngen, Gießen, Ernten und Sammeln von Heilkräutern, sowie zur Landwirtschaft und Holzarbeit.
Weiters noch wichtige Hinweise wie Sie beim Hausbau, Putzen und Wäschewaschen die Kraft des Mondes nützen  können.</marc:subfield>
   </marc:datafield>
</marc:record>
